LEADER 02229nam 2200577 450 001 9910788124503321 005 20230807210301.0 035 $a(CKB)2670000000610465 035 $a(EBL)2005725 035 $a(SSID)ssj0001535444 035 $a(PQKBManifestationID)11819253 035 $a(PQKBTitleCode)TC0001535444 035 $a(PQKBWorkID)11500874 035 $a(PQKB)10475568 035 $a(MiAaPQ)EBC2005725 035 $a(MiAaPQ)EBC5915280 035 $a(Au-PeEL)EBL2005725 035 $a(CaPaEBR)ebr11051407 035 $a(CaONFJC)MIL770891 035 $a(OCoLC)907942111 035 $a(Au-PeEL)EBL5915280 035 $a(OCoLC)1191746164 035 $a(EXLCZ)992670000000610465 100 $a20150512h20152015 uy| 1 101 0 $aeng 135 $aur|n|---||||| 181 $ctxt 182 $cc 183 $acr 200 10$aAlexandrian summer /$fYitzhak Gormezano Goren ; translated by Yardenne Greenspan 210 1$aNew York :$cNew Vessel Press,$d[2015] 210 4$d©2015 215 $a1 online resource (191 p.) 300 $aFirst published in Hebrew in 1978 as Kayits Alexandroni. 311 $a1-939931-20-7 311 $a1-939931-22-3 330 $aYitzhak Gormezano Goren was born in Alexandria, Egypt, in 1941 and immigrated to Israel as a child. He is a playwright and novelist. Gormezano Goren studied English and French literature at the Hebrew University of Jerusalem and Tel Aviv University and has an MFA in theater directing from Brooklyn College. He cofounded the Kedem Stage Theater in Tel Aviv in 1982 and directed it for 30 years. Gormezano Goren received the Israeli Prime Minister's Prize for Literature in 2001.Yardenne Greenspan (translator) is a fiction writer and translator, born in Tel Aviv to a bilingual family. Her translatio 606 $aJews$zEgypt$vFiction 606 $aHorse racing$zEgypt$vFiction 615 0$aJews 615 0$aHorse racing 676 $a892.436 700 $aGoren$b Yitzhak Gormezano$01479811 702 $aGreenspan$b Yardenne 801 0$bMiAaPQ 801 1$bMiAaPQ 801 2$bMiAaPQ 906 $aBOOK 912 $a9910788124503321 996 $aAlexandrian summer$93696105 997 $aUNINA LEADER 03683oam 2200721I 450 001 9910784682203321 005 20230616235726.0 010 $a1-134-40156-6 010 $a0-429-23280-2 010 $a1-138-81102-5 010 $a1-280-29171-0 010 $a9786610291717 010 $a0-203-47716-2 024 7 $a10.4324/9780203477168 035 $a(CKB)1000000000360232 035 $a(EBL)180875 035 $a(OCoLC)437084139 035 $a(SSID)ssj0000289135 035 $a(PQKBManifestationID)11238089 035 $a(PQKBTitleCode)TC0000289135 035 $a(PQKBWorkID)10385141 035 $a(PQKB)11130089 035 $a(MiAaPQ)EBC180875 035 $a(Au-PeEL)EBL180875 035 $a(CaPaEBR)ebr10099915 035 $a(CaONFJC)MIL29171 035 $a(OCoLC)252761747 035 $a(OCoLC)1000440383 035 $a(EXLCZ)991000000000360232 100 $a20180331d2003 uy 0 101 0 $aeng 135 $aur|n|---||||| 181 $ctxt 182 $cc 183 $acr 200 00$aArms trade, security and conflict /$fedited by Paul Levine and Ron Smith 210 1$aLondon ;$aNew York :$cRoutledge,$d2003. 215 $a1 online resource (241 p.) 225 1 $aStudies in defence economics ;$vv. 5 300 $aThis conference volume contains a set of papers given at the June 1999 conference at Middlesex University Business School on the arms trade security and conflict. 311 $a0-203-34918-0 311 $a0-415-30648-5 320 $aIncludes bibliographical references and index. 327 $aBook Cover; Title; Copyright; Contents; 1 Introduction; 2 The economics of UK arms exports; 3 Potential and actual arms production: implications for the arms trade debate; 4 Export controls, market structure and international coordination; 5 Arms export controls and emerging domestic producers; 6 The supply-side implications of the arms trade: UK aerospace industry, economic adjustment and the end of the ColdWar; 7 New challenges to arms export control: whitherWassenaar?; 8 Rational wars with incomplete information; 9 Alliance formation, expansion and the core 327 $a10 The determinants of US military expenditures in the context of arms race11 Arms race models and econometric applications; 12 Demand for space expenditure and the space race between NATO and the USSR: an econometric analysis; 13 Arms trade, arms control and security: collective action issues; Index 330 $aThe Arms Industry is an area that is of huge concern to many people around the world. The economics of this hugely important industry are a vital strand that needs to be understood. This volume brings together contributors from all over the globe, such as Todd Sandler and Keith Hartley, and focuses on the important issues surrounding the Arms Trade such as:*the determinants of US military expenditure*alliance formation and expansion*new challenges to export controlsThis well-rounded, comprehensive book will be of huge interest to students and academics involved in the econo 410 0$aStudies in defence economics (Chur, Switzerland) ;$vv. 5. 606 $aArms transfers$vCongresses 606 $aDefense industries$vCongresses 606 $aNational security$vCongresses 615 0$aArms transfers 615 0$aDefense industries 615 0$aNational security 676 $a382/.45355 686 $a89.77$2bcl 701 $aLevine$b Paul$f1944-$01540286 701 $aSmith$b Ron$f1944-$0118639 801 0$bFlBoTFG 801 1$bFlBoTFG 906 $aBOOK 912 $a9910784682203321 996 $aArms trade, security and conflict$93791836 997 $aUNINA LEADER 04040nam 22007215 450 001 9910728391603321 005 20240229161715.0 010 $a9783658416430$b(electronic bk.) 010 $z9783658416423 024 7 $a10.1007/978-3-658-41643-0 035 $a(MiAaPQ)EBC30554438 035 $a(Au-PeEL)EBL30554438 035 $a(OCoLC)1381095700 035 $a(DE-He213)978-3-658-41643-0 035 $a(BIP)090944684 035 $a(CKB)26801500500041 035 $a(EXLCZ)9926801500500041 100 $a20230529d2023 u| 0 101 0 $aeng 135 $aurcnu|||||||| 181 $ctxt$2rdacontent 182 $cc$2rdamedia 183 $acr$2rdacarrier 200 14$aThe Healing Effect of the Forest in Integrative Therapy $eWith Numerous Exercise Examples for Practice /$fby Astrid Polz-Watzenig 205 $a1st ed. 2023. 210 1$aWiesbaden :$cSpringer Fachmedien Wiesbaden :$cImprint: Springer,$d2023. 215 $a1 online resource (53 pages) 225 1 $aSpringer essentials,$x2731-3115 311 08$aPrint version: Polz-Watzenig, Astrid The Healing Effect of the Forest in Integrative Therapy Wiesbaden : Springer Fachmedien Wiesbaden GmbH,c2023 9783658416423 327 $aIntroduction -- Aspects of forest life -- Concept of health and illness in integrative therapy -- Anthropology of integrative therapy -- Aspects of corporeality -- The principle of complex mindfulness -- Concrete forms of intervention for forest life from the perspective of complex mindfulness -- Complex mindfulness in forest life - 14 exercises -- The forest on prescription -- Critical reflection - Limits. 330 $aThe healing effects of the forest in integrative therapy are the focus of this book. Special emphasis is placed on teaching active forest life exercises that can be used in therapeutic practice in individual and group settings. In addition, the application as a prescription in the context of therapeutic interventions is demonstrated and the importance of increasing the inclusion of forest life in the case history is clarified. The attitude of complex mindfulness and practical integrative ecopsychosomatics open up possibilities of a care for the world in a time of alienation from nature with a simultaneous longing for nature; commitment to the preservation of nature strengthens an experience of solidarity and is at the same time effective self-care. The author Astrid Polz-Watzenig is a theologian, psychotherapist (integrative therapy) and coach. She is a certified nature park time-out facilitator and breathing and mindfulness teacher of the Vienna Breathing School, heads the Teaching Institute for Marriage and Family Counseling of the Diocese of Graz-Seckau, and is a lecturer at UNI for LIFE at the University of Graz. The translation was done with the help of artificial intelligence. A subsequent human revision was done primarily in terms of content. 410 0$aSpringer essentials,$x2731-3115 606 $aPersonal coaching 606 $aClinical health psychology 606 $aClinical psychology 606 $aCoaching 606 $aHealth Psychology 606 $aClinical Psychology 606 $aEntrenament personal$2thub 606 $aBoscos$2thub 606 $aPsicologia clínica$2thub 606 $aMedicina alternativa$2thub 608 $aLlibres electrònics$2thub 610 $aAlternative Medicine 610 $aMedical 615 0$aPersonal coaching. 615 0$aClinical health psychology. 615 0$aClinical psychology. 615 14$aCoaching. 615 24$aHealth Psychology. 615 24$aClinical Psychology. 615 7$aEntrenament personal 615 7$aBoscos. 615 7$aPsicologia clínica 615 7$aMedicina alternativa 676 $a615.535 700 $aPolz-Watzenig$b Astrid$01361165 801 0$bMiAaPQ 801 1$bMiAaPQ 801 2$bMiAaPQ 912 $a9910728391603321 996 $aThe Healing Effect of the Forest in Integrative Therapy$93379466 997 $aUNINA